Sources on Punjab history : (Record no. 21929)

MARC details
000 -LEADER
fixed length control field 00905cam a2200277 i 4500
001 - CONTROL NUMBER
control field 2231935
003 - CONTROL NUMBER IDENTIFIER
control field BDDh-ASL
005 - DATE AND TIME OF LATEST TRANSACTION
control field 20231015030049.0
008 - FIXED-LENGTH DATA ELEMENTS--GENERAL INFORMATION
fixed length control field 760227s1975 ii b 000 0 eng
010 ## - LIBRARY OF CONGRESS CONTROL NUMBER
LC control number 75903111
020 ## - INTERNATIONAL STANDARD BOOK NUMBER
Terms of availability Rs70.00
040 ## - CATALOGING SOURCE
Original cataloging agency DLC
Transcribing agency DLC
Modifying agency DLC
-- BDDh-ASL
043 ## - GEOGRAPHIC AREA CODE
Geographic area code a-pk---
-- a-ii---
050 00 - LIBRARY OF CONGRESS CALL NUMBER
Classification number DS485.P2
Item number S65
082 00 - DEWEY DECIMAL CLASSIFICATION NUMBER
Classification number 954.5
Item number SOU
245 00 - TITLE STATEMENT
Title Sources on Punjab history :
Remainder of title a study sponsored by the Research Committee on the Punjab /
Statement of responsibility, etc. editors, W. Eric Gustafson, Kenneth W. Jones.
260 ## - PUBLICATION, DISTRIBUTION, ETC.
Place of publication, distribution, etc. Delhi :
Name of publisher, distributor, etc. Manohar Book Service,
Date of publication, distribution, etc. 1975.
300 ## - PHYSICAL DESCRIPTION
Extent 454 p. :
Dimensions 23 cm.
504 ## - BIBLIOGRAPHY, ETC. NOTE
Bibliography, etc. note Includes bibliographical references.
651 #0 - SUBJECT ADDED ENTRY--GEOGRAPHIC NAME
Geographic name Punjab (India)
General subdivision History
-- Sources.
700 1# - ADDED ENTRY--PERSONAL NAME
Personal name Gustafson, W. Eric.
700 1# - ADDED ENTRY--PERSONAL NAME
Personal name Jones, Kenneth W.
710 2# - ADDED ENTRY--CORPORATE NAME
Corporate name or jurisdiction name as entry element Research Committee on the Punjab.
906 ## - LOCAL DATA ELEMENT F, LDF (RLIN)
a 7
b cbc
c orignew
d 4
e ncip
f 19
g y-gencatlg
942 ## - ADDED ENTRY ELEMENTS (KOHA)
Source of classification or shelving scheme Dewey Decimal Classification
Koha item type Books
Holdings
Withdrawn status Lost status Source of classification or shelving scheme Damaged status Not for loan Collection code Home library Current library Shelving location Date acquired Source of acquisition Total Checkouts Full call number Barcode Date last seen Copy number Price effective from Koha item type Public note
    Dewey Decimal Classification     Non-fiction Asiatic Society Library Asiatic Society Library General Stacks 02/16/2021 ASB Library Collections   954.5 SOU 105973 02/16/2021 C-1 02/16/2021 Books RARE

Powered by Koha